Top 25 Best Visited Theme Parks - Statistics

General Stats
  • This quiz has been taken 18 times
  • The average score is 7 of 25
Answer Stats
Rank Theme Park Attendance % Correct
12 Disneyland Park - Disneyland Paris 9,660,000
71%
7 Epcot - Walt Disney World Resort 12,200,000
65%
2 Disneyland Park - Disneyland Resort 18,300,000
53%
3 Tokyo Disneyland - Tokyo Disney Resort 16,600,000
53%
6 Disney's Animal Kingdom - Walt Disney World Resort 12,500,000
41%
9 Disney's Hollywood Studios - Walt Disney World Resort 10,722,000
41%
10 Universal Studios Florida - Universal Orlando Resort 10,198,000
41%
15 Universal Studios Hollywood 9,056,000
35%
4 Universal Studios Japan 14,935,000
35%
8 Shanghai Disneyland Park - Shanghai Disney Resort 11,000,000
29%
14 Universal's Islands of Adventure - Universal Orlando Resort 9,549,000
29%
21 Europa-Park - Europa-Park Resort 5,700,000
24%
1 Magic Kingdom - Walt Disney World Resort 20,450,000
24%
25 Universal Studios Singapore 4,220,000
24%
13 Disney California Adventure Park - Disneyland Resort 9,574,000
18%
18 Hong Kong Disneyland - Hong Kong Disneyland Resort 6,200,000
18%
16 Lotte World 6,714,000
18%
5 Tokyo DisneySea - Tokyo Disney Resort 13,500,000
18%
23 Efteling 5,180,000
12%
17 Everland - Everland Resort 6,310,000
12%
24 Tivoli Gardens 4,640,000
12%
11 Chimelong Ocean Kingdom 9,788,000
6%
20 Ocean Park Hong Kong 5,800,000
6%
22 Walt Disney Studios Park - Disneyland Paris 5,200,000
6%
19 Nagashima Spa Land 5,930,000
0%
No matching quizzes found
Score Distribution
Percent of People with Each Score
Percentile by Number Answered
Your Score History
You have not taken this quiz